000251668 001__ 251668
000251668 005__ 20251114173332.0
000251668 0247_ $$aG:(GEPRIS)223664812$$d223664812
000251668 035__ $$aG:(GEPRIS)223664812
000251668 040__ $$aGEPRIS$$chttp://gepris.its.kfa-juelich.de
000251668 150__ $$aVolitionale Dysfunktionen bei alltäglichen Selbstkontrollfehlern und Suchtverhalten (C01)$$y2012 - 2024
000251668 371__ $$aProfessor Dr. Gerhard Bühringer
000251668 371__ $$aProfessor Dr. Thomas Goschke
000251668 371__ $$aProfessor Dr. Michael Smolka
000251668 371__ $$aProfessor Dr. Hans-Ulrich Wittchen
000251668 450__ $$aSFB 940 C01$$wd$$y2012 - 2024
000251668 5101_ $$0I:(DE-588b)2007744-0$$aDeutsche Forschungsgemeinschaft$$bDFG
000251668 550__ $$0G:(GEPRIS)178833530$$aSFB 940: Volition und kognitive Kontrolle: Mechanismen, Modulatoren, Dysfunktionen$$wt
000251668 680__ $$aProject C01 untersucht Mechanismen beeinträchtigter Selbstkontrolle bei Verhaltensweisen, die im Konflikt mit langfristigen Zielen stehen (z.B. Drogenkonsum, ungesundes Essverhalten, pathologisches Spielen). Dazu führen wir eine Längsschnittstudie mit einer großen Probandenstichprobe durch, die über 7 Jahre hinweg wiederholt an klinisch-psychologischen Assessments, Messungen kognitiver Kontrollfunktionen, Neuroimaging-Studien und einer Online-Erfassung von Alltagsverhalten teilnimmt. Ziel ist es zu klären, ob kognitive Kontrolldefizite und Dysfunktionen in relevanten Hirnsystemen ein erhöhtes Risiko von alltäglichen Selbstkontrollfehlern, Substanzstörungen und Verhaltenssucht vorhersagen.
000251668 909CO $$ooai:juser.fz-juelich.de:918270$$pauthority$$pauthority:GRANT
000251668 909CO $$ooai:juser.fz-juelich.de:918270
000251668 980__ $$aG
000251668 980__ $$aAUTHORITY